Statistiche per Elenca la formazione - Quiz n°130

Clicka qui per fare il quiz!

Statistiche generali

  • Questo quiz è stato fatto 12 volte
  • Il punteggio medio è 10 su 11

Statistiche sulle risposte

RuoloNazioneCalciatore% Corretto
AttaccanteItaliaCiro Immobile
100%
AttaccanteBrasileFelipe Anderson
100%
DifensoreItaliaFrancesco Acerbi
100%
CentrocampistaSpagnaLuis Alberto
100%
DifensoreBrasile / ItaliaLuiz Felipe
100%
CentrocampistaSerbiaSergej Milinković-Savić
100%
DifensoreMontenegroAdam Marušić
92%
AttaccanteSpagnaPedro
92%
PortiereSpagnaPepe Reina
92%
DifensoreAlbaniaElseid Hysaj
83%
CentrocampistaBrasileLucas Leiva
83%

Distribuzione punteggi

Percentile per numero di risposta

Percentuale di utenti per punteggio

I tuoi punteggi nel tempo

Non hai fatto questo quiz